Group Therapy and Group Dynamic Theory : A Professional Method for all Group-Based Treatment (Record no. 1715050)
[ view plain ]
| 000 -LEADER | |
|---|---|
| fixed length control field | 00357 a2200121 4500 |
| 000 - LEADER | |
| fixed length control field | nam a22 7a 4500 |
| 005 - DATE AND TIME OF LATEST TRANSACTION | |
| control field | 20260310150735.0 |
| 020 ## - INTERNATIONAL STANDARD BOOK NUMBER | |
| International Standard Book Number | 9781032437712 |
| 100 ## - MAIN ENTRY--PERSONAL NAME | |
| Personal name | Willem de Haas |
| 9 (RLIN) | 1131562 |
| 245 ## - TITLE STATEMENT | |
| Title | Group Therapy and Group Dynamic Theory : A Professional Method for all Group-Based Treatment |
| 260 ## - PUBLICATION, DISTRIBUTION, ETC. | |
| Name of publisher, distributor, etc. | Routledge |
| Date of publication, distribution, etc. | 2024 |
| 942 ## - ADDED ENTRY ELEMENTS (KOHA) | |
| Koha item type | Textual |
| Withdrawn status | Lost status | Source of classification or shelving scheme | Damaged status | Not for loan | Home library | Current library | Date acquired | Source of acquisition | Cost, normal purchase price | Inventory number | Total Checkouts | Barcode | Date last seen | Cost, replacement price | Price effective from | Koha item type |
|---|---|---|---|---|---|---|---|---|---|---|---|---|---|---|---|---|
| Colon Classification (CC) | Ordered | South Campus Library | South Campus Library | 2026-03-10 | 27 | 3069.25 | 15125 & 09/12/2025 | SC1692007 | 2026-03-10 | 3836.56 | 2026-03-10 | Textual |
